000 01082cam0 2200313 ib4500
001 BY-MI0003-br121238
005 20201012154052.0
010 ^a978-5-17-105817-3
^bв переплете
035 ^a(BY-MI0003)BY-MI0003-br121238
100 ^a20171212d2017 m y0rusy50 ca
101 1 ^arus
^ceng
102 ^aRU
105 ^ay z 000ay
109 ^ama
200 1 ^aЯ захватываю замок
^fДоди Смит
^g[перевод с английского О. Орловой]
210 ^aМосква
^cАСТ
^d2017
215 ^a480 с.
225 1 ^aНастоящая сенсация!
300 ^aПеревод изд.: I capture the castle / Dodie Smith
345 ^92000 экз.
608 ^3BY-NLB-ar92012
^aРОМАН
^2BYGNR
686 ^a84(4Вел)
^2rubbk
690 ^a1
^2Base
^9BY-MI0003
^xRSEK
700 1 ^aСмит
^bД.
^gДоди
702 1 ^aОрлова
^bО.
^4730
801 0 ^aBY
^bBY-MI0003
^c20171212
^gpsbo
899 ^aBY-MI0003
^h84(4Вел)
^iС 50